Regional integration and internal reforms in the Mediterranean area
Enregistré dans:
| Collectivité auteur: | |
|---|---|
| Autres auteurs: | , |
| Format: | Livre |
| Langue: | anglais |
| Publié: |
Paris
OECD
2000
|
| Collection: | International Development
Development Centre studies |
| Sujets: | |
| Tags: |
Pas de tags, Soyez le premier à ajouter un tag!
|
MARC
| LEADER | 00000nam a2200000 4500 | ||
|---|---|---|---|
| 001 | c124047 | ||
| 005 | 20221221084718.9 | ||
| 020 | |a 92-64-17675-6 | ||
| 041 | 0 | |a eng | |
| 044 | |a FR | ||
| 245 | 1 | 0 | |a Regional integration and internal reforms in the Mediterranean area |c Edited by Sébastien Dessus and Akiko Suwa |
| 264 | 1 | |a Paris |b OECD |c 2000 | |
| 300 | |a 136 s. | ||
| 490 | 1 | |a International Development | |
| 830 | 0 | |a International Development | |
| 490 | 1 | |a Development Centre studies | |
| 830 | 0 | |a Development Centre studies | |
| 610 | 2 | 0 | |a regióny |
| 610 | 2 | 0 | |a politika regionálna |
| 610 | 2 | 0 | |a integrácia |
| 610 | 2 | 0 | |a reformy |
| 610 | 2 | 0 | |a obchod medzinárodný |
| 610 | 2 | 0 | |a partneri obchodní |
| 610 | 2 | 0 | |a zmluvy obchodné |
| 610 | 2 | 0 | |a more |
| 610 | 2 | 0 | |a spolupráca medzinárodná |
| 610 | 2 | 0 | |a Európska únia |
| 610 | 2 | 0 | |a Stredomorie |
| 610 | 2 | 0 | |a OECD |
| 700 | 1 | |a Dessus, Sébastien | |
| 700 | 1 | |a Suwa, Akiko | |
| 710 | 2 | |a OECD. Development Centre | |